Enseigner à des adolescents. Manuel de psychologie (Record no. 303)

MARC details
000 -LEADER
fixed length control field 01799nam a2200277 4500
008 - FIXED-LENGTH DATA ELEMENTS--GENERAL INFORMATION
fixed length control field s2001 fr fre u
020 ## - INTERNATIONAL STANDARD BOOK NUMBER
International Standard Book Number 2011706254
020 ## - INTERNATIONAL STANDARD BOOK NUMBER
International Standard Book Number 9782011706256
040 ## - CATALOGING SOURCE
Original cataloging agency LB-BrCRDP
082 1# - DEWEY DECIMAL CLASSIFICATION NUMBER
Classification number 370.15
Item number ENS
100 1# - MAIN ENTRY--PERSONAL NAME
Personal name Gaonac'h, Daniel
245 10 - TITLE STATEMENT
Title Enseigner à des adolescents. Manuel de psychologie
Statement of responsibility, etc. Daniel Gaonac'h, Caroline Golder
260 ## - PUBLICATION, DISTRIBUTION, ETC.
Place of publication, distribution, etc. Paris
Name of publisher, distributor, etc. Hachette
Date of publication, distribution, etc. 2001
300 ## - PHYSICAL DESCRIPTION
Extent 253 p.
Dimensions 28 cm
490 0# - SERIES STATEMENT
Series statement Profession enseignant
500 ## - GENERAL NOTE
General note Sommaire.
520 ## - SUMMARY, ETC.
Summary, etc. Le contexte social actuel semble faire peser une responsabilité immense sur les épaules des enseignants de collège et de lycée.La société attend des enseignants qu'ils résolvent toutes les questions, tous les problèmes et aussi toutes les angoisses d'une société trop souvent en perdition face à sa jeunesse. On est ainsi souvent conduit à considérer que les enseignants se doivent d'être tout autant (sinon plus) des " éducateurs " que des enseignants, raisonnement qui a souvent présidé à la conception qu'on peut défendre ici ou là de la formation des enseignants.Dès lors, une connaissance des adolescents, dans toutes leurs dimensions, auxquels on a affaire peut sans doute être d'un certain secours. C'est dans cet esprit que ce " manuel " propose aux enseignants un " état des lieux " (qui est loin d'être exhaustif cependant !) sur l'adolescent lui-même, sur les contraintes des acquisitions qu'il peut réaliser, sur le contexte dans lequel ces acquisitions se réalisent.
650 4# - SUBJECT ADDED ENTRY--TOPICAL TERM
Topical term or geographic name entry element Adolescence
650 4# - SUBJECT ADDED ENTRY--TOPICAL TERM
Topical term or geographic name entry element Orientation professionnelle
650 4# - SUBJECT ADDED ENTRY--TOPICAL TERM
Topical term or geographic name entry element Apprentissage
650 4# - SUBJECT ADDED ENTRY--TOPICAL TERM
Topical term or geographic name entry element Psychopédagogie
650 4# - SUBJECT ADDED ENTRY--TOPICAL TERM
Topical term or geographic name entry element Sociologie de l'éducation
700 1# - ADDED ENTRY--PERSONAL NAME
Personal name Golder, Caroline
942 ## - ADDED ENTRY ELEMENTS (KOHA)
Koha item type Books
Holdings
Withdrawn status Lost status Source of classification or shelving scheme Damaged status Not for loan Home library Current library Shelving location Date acquired Source of acquisition Cost, normal purchase price Total Checkouts Full call number Barcode Date last seen Copy number Price effective from Koha item type
    Dewey Decimal Classification     مكتب الاعداد والتدريب - الدكوانه مكتب الاعداد والتدريب - الدكوانه Standard Shelving Location 07/28/2016       155.5 GOL   07/28/2016   07/28/2016 Books
    Dewey Decimal Classification     مكتبة دار المعلمين و المعلمات - النبطية مكتبة دار المعلمين و المعلمات - النبطية Salle de Lecture 12/09/2005 Ambassade de France 0.00   370.15 GOL. CRN274 07/28/2016 1 07/28/2016 Books
    Dewey Decimal Classification     مكتبة دار المعلمين و المعلمات - بئر حسن مكتبة دار المعلمين و المعلمات - بئر حسن Salle de Lecture 02/03/2006 Ambassade de France 0.00   155.5 Gol CRB220 07/27/2016 1 07/27/2016 Books
    Dewey Decimal Classification     مكتبة دار المعلمين و المعلمات - بئر حسن مكتبة دار المعلمين و المعلمات - بئر حسن Salle de Lecture 11/28/2008 Ambassade de France 0.00   155.5 Gol CRB2573 07/27/2016 2 07/27/2016 Books
    Dewey Decimal Classification     مكتبة دار المعلمين و المعلمات - جونية مكتبة دار المعلمين و المعلمات - جونية Salle de Lecture 12/09/2005 Ambassade de France 25.50   370.15 GOL. CRJ274 07/27/2016 1 07/27/2016 Books
    Dewey Decimal Classification     مكتبة دار المعلمين و المعلمات - جونية مكتبة دار المعلمين و المعلمات - جونية Salle de Lecture 11/13/2009 Ambassade de France 25.50   370.15 GOL. CRJ3847 07/27/2016 2 07/27/2016 Books
    Dewey Decimal Classification     مكتبة دار المعلمين و المعلمات - زحلة مكتبة دار المعلمين و المعلمات - زحلة Salle de Lecture 11/28/2005 Amb. de France 28.27   370.15 ENS CRZ306 07/26/2016 1 07/26/2016 Books
    Dewey Decimal Classification     مكتبة دار المعلمين و المعلمات - زحلة مكتبة دار المعلمين و المعلمات - زحلة Salle de Lecture 05/26/2008 Amb. de France 28.27   370.15 ENS CRZ3051 07/26/2016 2 07/26/2016 Books
    Dewey Decimal Classification     مكتبة دار المعلمين و المعلمات - صيدا مكتبة دار المعلمين و المعلمات - صيدا Salle de Lecture 11/18/2006 Ambassade de France 0.00   100.172 GOL - GAO CRS1602 07/28/2016 1 07/28/2016 Books
    Dewey Decimal Classification     مكتبة دار المعلمين و المعلمات - طرابلس مكتبة دار المعلمين و المعلمات - طرابلس Salle de Lecture 05/02/2006 Ambassade de France 0.00   155.5 GOL CRT308 07/27/2016 1 07/27/2016 Books
    Dewey Decimal Classification     مكتبة دار المعلمين و المعلمات - طرابلس مكتبة دار المعلمين و المعلمات - طرابلس Salle de Lecture 03/14/2009 Ambassade de France 0.00   155.5 GOL CRT2874 07/27/2016 2 07/27/2016 Books